000
00334nam a2200133Ia 4500
008
240624s9999 xx 000 0 und d
041
_a
eng
082
_a
200 OSH
100
_a
OSHO
245
_a
KRISHNA THE MAN AND HIS PHILOSOPHY
260
_c
2006
_a
Mumbai
_b
Jaico Publishing House
300
_a
699 : p. : cm. ; 21
365
_c
RS
_b
20
999
_c
4453
_d
4453